Agar.io Country Flag Skins - Statistics

General Stats
  • This quiz has been taken 131 times
  • The average score is 34 of 57
Answer Stats
Continent Country % Correct
Russia
83%
Germany
81%
United Kingdom
81%
United States
81%
China
80%
France
77%
North America Canada
76%
Poland
73%
Spain
72%
Oceania Australia
70%
Brazil
70%
Mexico
69%
India
68%
Norway
68%
Sweden
68%
Finland
67%
Italy
67%
South America Argentina
66%
Ireland
66%
Japan
66%
Portugal
65%
Netherlands
64%
Greece
63%
Chile
61%
Europe Austria
60%
Belgium
60%
Denmark
60%
South Korea
59%
Peru
58%
Romania
58%
Switzerland
58%
Ukraine
58%
Croatia
57%
Lithuania
57%
Estonia
56%
Indonesia
56%
Bosnia and Herzegovina
55%
Latvia
55%
Turkey
55%
Bulgaria
53%
Colombia
53%
Cuba
53%
Venezuela
52%
Pakistan
51%
Hungary
50%
Iran
50%
Iraq
47%
Thailand
47%
North Korea
46%
Jamaica
45%
Luxembourg
43%
Nigeria
42%
Asia Bangladesh
38%
Taiwan
36%
Somalia
35%
Cambodia
28%
Africa Botswana
24%
No matching quizzes found
Score Distribution
Percent of People with Each Score
Percentile by Number Answered
Your Score History
You have not taken this quiz